000 00373 a2200133 4500
003 Nust
005 20170207154037.0
040 _cNust
100 _aOagile Dikinya
245 _aDevelopments in Hydraulic Conductivity Research (E-Book0
_cOagile Dikinya
260 _aIndia
_bPublished by Sciyo Janeza Trdine 9, 51000 Rijeka, Croatia
_c2011
300 _avi,270.p
651 _aE-Book
942 _2ddc
_cBK
999 _c192437
_d192437